| 000 | 00554nam a2200193Ia 4500 | ||
|---|---|---|---|
| 008 | 191130s2004##################000#0#eng## | ||
| 020 | _a9781843533191 | ||
| 040 |
_aACL _cACL |
||
| 082 | _a917.297404 VAI | ||
| 100 | _aVaitilingam, Adam | ||
| 245 |
_aAntigua & Barbuda _cby Vaitilingam, Adam, and Vaitilingam, Romesh |
||
| 260 |
_aNew York _bRough Guides _c2004 |
||
| 300 | _a144 p. : ill., maps ; 20 cm | ||
| 650 | _aTravel | ||
| 700 | _aVaitilingam, Romesh | ||
| 990 | _ac791ca54ac10000c54b9fee8fbabf42c | ||
| 991 | _a115944 | ||
| 999 |
_c371281 _d371281 |
||